000 01744nam a2200253Ia 4500
999 _c39695
_d39695
001 6298
003 GE_BSU
005 20191101123719.0
008 181216s2012||||ge |||||||||||||| ||geo||
020 _a9789941199042
040 _cGE_BSU
041 _ageo
080 _a27-36 მ-56
245 _aმეოთხე საუკუნე :
_bწმინდა ნინო; ღირსი ზაბულონი და სოსანა; წმინდა მეფე მირიანი და დედოფალი ნანა; წმინდა სალომე უჯარმელი; წმინდა პეროჟავრა სივნიელი; წმინდა სიდონია (I ს.).
_cშემდგ. კახაბერ კენკიშვილი; პროექტის რედ. თამარ მამაცაშვილი.
264 _aთბილისი :
_bპალიტრა L,
_c2012.
300 _a207 გვ.;
_b20 სმ.
490 _aსაქართველოს იმედი : ყველა წმინდანი, რომელთა შესახებაც უნდა იცოდე,
_v წ. 8
_xISSN 2298-0547.
500 _aიბეჭდება სრ. საქ. კათოლიკოს-პატრიარქის ილია II-ის ლოცვა-კურთხევით
653 _aრელიგია
653 _a წმინდანთა ცხოვრება
700 _aკენკიშვილი, კახაბერ
_eშემდგენელი
_95212
700 _aმამაცაშვილი, თამარ
_eრედაქტორი
_92211
942 _cBK
_2udc